logo

Bir Sreshtho Munshi Abdur Rouf Library
Jhenaidah Cadet College

We answered the call : (Record no. 13164)

MARC details
000 -LEADER
fixed length control field 00706nam a2200229 a 4500
001 - CONTROL NUMBER
JCCL Control Number 13164
003 - CONTROL NUMBER IDENTIFIER
JCCL marc code BD-JhCC
005 - DATE AND TIME OF LATEST TRANSACTION
control field 20230716092256.0
008 - FIXED-LENGTH DATA ELEMENTS--GENERAL INFORMATION
fixed length control field 230716s2021 bg |||| |||| 000 0 eng d
020 ## - INTERNATIONAL STANDARD BOOK NUMBER
International Standard Book Number 9789843494474
035 ## - SYSTEM CONTROL NUMBER
system control number (BD-JhCC)13164
040 ## - CATALOGING SOURCE
Original cataloging agency BD-JhCC
Modifying agency BD-JhCC
041 ## - LANGUAGE CODE
Language code of Book eng
082 ## - DEWEY DECIMAL CLASSIFICATION NUMBER
Classification number 954.92
Author mark and Year WEA 2021
110 ## - MAIN ENTRY--CORPORATE NAME
Relator code Bangladesh War Courses Foundation
245 ## - TITLE STATEMENT
Title We answered the call :
Remainder of title memors of freedom fighters /
Statement of responsibility, etc Bangladesh War Courses Foundation
260 ## - PUBLICATION, DISTRIBUTION, ETC. (IMPRINT)
Place of publication, distribution, etc Dhaka :
Name of publisher, distributor, etc Bangladesh War Courses Foundation,
Date of publication, distribution, etc 2021
300 ## - PHYSICAL DESCRIPTION
Pagination 232 p. :
Dimensions 21 cm.
650 ## - SUBJECT ADDED ENTRY--TOPICAL TERM
Topical term or geographic name as entry element Memoris of Freedom fighters.
Geographic subdivision Bangladesh
710 ## - ADDED ENTRY--CORPORATE NAME
Corporate name or jurisdiction name as entry element Bangladesh War Courses Foundation
942 ## - ADDED ENTRY ELEMENTS (KOHA)
Source of classification or shelving scheme Dewey Decimal Classification
Koha item type Books
Holdings
Source of classification or shelving scheme Damaged status Not for loan Home library Current library Shelving location Date of accession Source of acquisition Cost, normal purchase price Total Checkouts Full call number Barcode Date last seen Copy number Method of acquisition Koha item type Currency
Dewey Decimal Classification     JCC Rouf Library JCC Rouf Library General Stacks 06/24/2023 Maj Gen Jiban Kanai Das (retd) 500.00   954.92 WEA 2021 18061 07/16/2023 C-1 Gift/Donation Books BDT

JCC Library | Contacts | JCC Home

Last Update on 23 September 2017
Copyright @ 2017-2020 JCC Rouf Library
Rouf Library, Jhenidah Cadet College (JCC), Bangladesh